Optical properties of polycrystalline alumina after irradiation with iron ions and annealing; Journal of Surface Investigation. X-ray, Synchrotron and Neutron Techniques; Vol. 1, iss. 2
| Parent link: | Journal of Surface Investigation. X-ray, Synchrotron and Neutron Techniques: Scientific Journal Vol. 1, iss. 2.— 2007.— [P. 229-234] |
|---|---|
| 1. autor: | |
| Kolejni autorzy: | |
| Streszczenie: | Title screen Optical absorption of polycrystalline corundum (polycor) after irradiation with iron ions and subsequent annealing in vacuum was studied. It was found that substitutional, intrinsic radiation, biographical defects, and complexes on their basis have an effect on the absorption parameters and optical transitions between localized states and allowed bands. The contributions to changes in the optical properties of individual substitutional defects, their clusters, and complexes with the participation of substitutional defects and radiation defects were singled out. The influence of defects and iron oxides formed upon annealing on absorption was estimated. The most proable nature of clusters of substitutional defects and impurity-vacancy complexes was identified. Режим доступа: по договору с организацией-держателем ресурса |
| Język: | angielski |
| Wydane: |
2007
|
| Hasła przedmiotowe: | |
| Dostęp online: | http://link.springer.com/article/10.1134%2FS102745100702022X https://getinfo.de/app/Optical-properties-of-polycrystalline-alumina-after/id/springer%3Adoi~10.1134%252FS102745100702022X |
| Format: | Elektroniczne Rozdział |
| KOHA link: | https://koha.lib.tpu.ru/cgi-bin/koha/opac-detail.pl?biblionumber=637355 |
MARC
| LEADER | 00000nla0a2200000 4500 | ||
|---|---|---|---|
| 001 | 637355 | ||
| 005 | 20250418094400.0 | ||
| 035 | |a (RuTPU)RU\TPU\network\1472 | ||
| 035 | |a RU\TPU\network\252 | ||
| 090 | |a 637355 | ||
| 100 | |a 20140901d2007 k||y0rusy50 ba | ||
| 101 | 0 | |a eng | |
| 102 | |a RU | ||
| 135 | |a drcn ---uucaa | ||
| 181 | 0 | |a i | |
| 182 | 0 | |a b | |
| 200 | 1 | |a Optical properties of polycrystalline alumina after irradiation with iron ions and annealing |f A. V. Kabyshev, F. V. Konusov | |
| 203 | |a Text |c electronic | ||
| 300 | |a Title screen | ||
| 320 | |a [Ref.: p.234 (17 tit.)] | ||
| 330 | |a Optical absorption of polycrystalline corundum (polycor) after irradiation with iron ions and subsequent annealing in vacuum was studied. It was found that substitutional, intrinsic radiation, biographical defects, and complexes on their basis have an effect on the absorption parameters and optical transitions between localized states and allowed bands. The contributions to changes in the optical properties of individual substitutional defects, their clusters, and complexes with the participation of substitutional defects and radiation defects were singled out. The influence of defects and iron oxides formed upon annealing on absorption was estimated. The most proable nature of clusters of substitutional defects and impurity-vacancy complexes was identified. | ||
| 333 | |a Режим доступа: по договору с организацией-держателем ресурса | ||
| 461 | |t Journal of Surface Investigation. X-ray, Synchrotron and Neutron Techniques |o Scientific Journal | ||
| 463 | |t Vol. 1, iss. 2 |v [P. 229-234] |d 2007 | ||
| 610 | 1 | |a электронный ресурс | |
| 610 | 1 | |a труды учёных ТПУ | |
| 700 | 1 | |a Kabyshev |b A. V. |c specialist in the field of electric power engineering |c Professor of Tomsk Polytechnic University, Doctor of physical and mathematical sciences |f 1958- |g Alexander Vasilievich |3 (RuTPU)RU\TPU\pers\32572 | |
| 701 | 1 | |a Konusov |b F. V. |c physicist |c Lead Engineer of Tomsk Polytechnic University, Candidate of physical and mathematical sciences |f 1958- |g Fedor Valerievich |3 (RuTPU)RU\TPU\pers\32570 |9 16491 | |
| 801 | 2 | |a RU |b 63413507 |c 20140922 |g RCR | |
| 850 | |a 63413507 | ||
| 856 | 4 | |u http://link.springer.com/article/10.1134%2FS102745100702022X | |
| 856 | 4 | |u https://getinfo.de/app/Optical-properties-of-polycrystalline-alumina-after/id/springer%3Adoi~10.1134%252FS102745100702022X | |
| 942 | |c CF | ||